Le documentaire, un autre cinéma : Histoire et création (notice n° 1568311)
[ vue normale ]
| 000 -LEADER | |
|---|---|
| fixed length control field | 01328cam a2200145 4500500 |
| 005 - DATE AND TIME OF LATEST TRANSACTION | |
| control field | 20251214004211.0 |
| 041 ## - LANGUAGE CODE | |
| Language code of text/sound track or separate title | fre |
| 042 ## - AUTHENTICATION CODE | |
| Authentication code | dc |
| 100 10 - MAIN ENTRY--PERSONAL NAME | |
| Personal name | Gauthier, Guy |
| Relator term | author |
| 245 00 - TITLE STATEMENT | |
| Title | Le documentaire, un autre cinéma : Histoire et création |
| 260 ## - PUBLICATION, DISTRIBUTION, ETC. | |
| Name of publisher, distributor, etc. | Armand Colin,<br/> |
| Date of publication, distribution, etc. | 2015.<br/> |
| 520 ## - SUMMARY, ETC. | |
| Summary, etc. | Le documentaire est un style à part, né loin des studios avec le développement des caméras légères. De Robert Flaherty à Raymond Depardon, les noms qui jalonnent son histoire témoignent de sa participation active à l’élaboration et au développement du langage cinématographique. Cet ouvrage est depuis longtemps la référence de l’étudiant comme du cinéphile. Du cinéma muet à l’image numérique, il retrace l’histoire de cet « autre cinéma » à travers les continents, en analysant son esthétique originale et sa confrontation au réel. À l’occasion de cette cinquième édition, les biographies et les filmographies de cinéastes majeurs ont été actualisées, et deux études ajoutées, consacrées aux récents National Gallery de Frederick Wiseman et À la recherche de Vivian Maier de John Maloof et Charlie Siskel. |
| 700 10 - ADDED ENTRY--PERSONAL NAME | |
| Personal name | Sauvaget, Daniel |
| Relator term | author |
| 856 41 - ELECTRONIC LOCATION AND ACCESS | |
| Uniform Resource Identifier | <a href="https://shs.cairn.info/le-documentaire-un-autre-cinema--9782200601652?lang=fr&redirect-ssocas=7080">https://shs.cairn.info/le-documentaire-un-autre-cinema--9782200601652?lang=fr&redirect-ssocas=7080</a> |
Pas d'exemplaire disponible.




Réseaux sociaux